| 000 | 00393cam a2200169ua 4500 | ||
|---|---|---|---|
| 001 | 6612 | ||
| 008 | 060101n1992 II |||gr||||Z||||||asm | ||
| 040 | _aMAIN | ||
| 041 | _aEnglish | ||
| 082 | _a891.45131 SEN | ||
| 100 | _aSENGUPTA, KAMALA. | ||
| 245 | _aEN FRANKAR DINLIPI | ||
| 260 |
_aDIBRUGARH _bSTUDENT EMPORIUM _c1992 |
||
| 300 |
_a282: _c22CM. |
||
| 653 | _aAssamese Novel | ||
| 942 | _cBK | ||
| 999 |
_c6597 _d6597 |
||